|
|
|
|
| LEADER |
00000nam0a2200000 4500 |
| 001 |
319887 |
| 005 |
20231102003225.0 |
| 010 |
|
|
|a 9785971032625
|
| 035 |
|
|
|a (RuTPU)RU\TPU\book\345397
|
| 090 |
|
|
|a 319887
|
| 100 |
|
|
|a 20160615d2016 k y0rusy50 ca
|
| 101 |
0 |
|
|a rus
|
| 102 |
|
|
|a RU
|
| 105 |
|
|
|a a z 001zy
|
| 200 |
1 |
|
|a Потенциальная энергия электрического взаимодействия между электрическими зарядами нуклонов и объединениями нуклонов при их сближении. Цепные ядерные реакции на основе ядер дейтерия - дейтронов. Ядерные превращения стабильных изотопов с использованием возбужденных ядер трития и гелия-3
|f В. И. Ларин
|
| 210 |
|
|
|a Москва
|c ЛЕНАНД
|d 2016
|
| 215 |
|
|
|a 143 с.
|c ил.
|
| 320 |
|
|
|a Библиогр. в конце гл.
|
| 330 |
|
|
|a В первой части книги рассматривается зависимость потенциальной энергии электрического взаимодействия между электрическими зарядами нуклонов и объединениями нуклонов от вариантов их сближения, а также от расстояния между ними. Определяется минимальная энергия частиц, необходимая для их сближения и последующего взаимодействия.Во второй части книги на основе установленной минимальной энергии сближающихся частиц рассматриваются варианты ядерных превращений изотопов водорода в виде цепных ядерных реакций и предлагается использовать в качестве основного материала для цепных ядерных реакций дейтроны, которые являются ядрами дейтерия — одного из изотопов водорода. Кроме этого, рассматриваются одноступенчатые ядерные превращения, обеспечивающие выделение значительного количества энергии, а также рассматриваются разнообразные принудительные ядерные превращения стабильных и радиоактивных изотопов с использованием возбужденных ядер трития и гелия-3.
|
| 606 |
1 |
|
|a Ядерные реакции при высоких энергиях
|2 stltpush
|3 (RuTPU)RU\TPU\subj\60283
|9 77695
|
| 610 |
1 |
|
|a ядерная физика
|
| 610 |
1 |
|
|a электрические взаимодействия
|
| 610 |
1 |
|
|a электрические заряды
|
| 610 |
1 |
|
|a нуклоны
|
| 610 |
1 |
|
|a сближение
|
| 610 |
1 |
|
|a дейтерий
|
| 610 |
1 |
|
|a дейтроны
|
| 610 |
1 |
|
|a радиоактивные изотопы
|
| 610 |
1 |
|
|a тритий
|
| 610 |
1 |
|
|a гелий
|
| 610 |
1 |
|
|a ядерные превращения
|
| 675 |
|
|
|a 539.17
|v 4
|
| 700 |
|
1 |
|a Ларин
|b В. И.
|g Вячеслав Иванович
|
| 801 |
|
1 |
|a RU
|b 63413507
|c 20160615
|
| 801 |
|
2 |
|a RU
|b 63413507
|c 20160923
|g RCR
|
| 900 |
|
|
|a Атомная физика
|
| 900 |
|
|
|a Атомная энергетика
|
| 942 |
|
|
|c BK
|
| 959 |
|
|
|a 43/20160609
|d 1
|e 259,00
|f ЧЗТЛ:1
|